000
00246nam a22001097a 4500
040
_c
SK
082
_a
158
100
_a
សរ សុជន
245
_a
ភាពជាអ្នកដឹកនាំ
260
_a
RUA
_b
សរ
_c
2009
942
_c
KB
999
_c
10223
_d
10223